[Event "16. Obert Internacional Sant Martí 2014"]
[Site "Barcelona ESP"]
[Date "2014.07.19"]
[Round "7.41"]
[White "Cortes Orihuela, Javier"]
[Black "Colom Andres, Xavier"]
[Result "1-0"]
[WhiteElo "2155"]
[BlackElo "1905"]
[PlyCount "67"]
[EventDate "2014.07.13"]
[EventType "swiss"]
[EventRounds "9"]
[EventCountry "ESP"]
[Source "lmi"]
[SourceDate "2014.07.13"]

1. d4 d5 2. c4 c6 3. cxd5 cxd5 4. Nc3 Nf6 5. Bf4 Nc6 6. Nf3 a6 7. Ne5 e6 8. e3
Be7 9. Bd3 O-O 10. O-O Bd7 11. Qf3 Rc8 12. Qh3 g6 13. Bh6 Re8 14. g4 Bf8 15.
Bg5 Rc7 16. f4 Be7 17. Rf3 Bc8 18. Raf1 Ne4 19. Nxf7 Qd7 20. Bxe4 dxe4 21. Nxe4
Nxd4 22. Nh6+ Kg7 23. exd4 Qxd4+ 24. Nf2 Bxg5 25. fxg5 Qxb2 26. Nd1 Qd4+ 27.
Ne3 b5 28. Rf7+ Rxf7 29. Rxf7+ Kh8 30. Nhf5 Qa1+ 31. Nf1 h5 32. N5e3 e5 33. Qf3
Qxa2 34. Qf6+ 1-0

[Event "16. Obert Internacional Sant Martí 2014"]
[Site "Barcelona ESP"]
[Date "2014.07.19"]
[Round "7.42"]
[White "Raghunandan, Kaumandur Srihari"]
[Black "Castillo Dalmau, Albert"]
[Result "1-0"]
[WhiteElo "2148"]
[BlackElo "1695"]
[PlyCount "39"]
[EventDate "2014.07.13"]
[EventType "swiss"]
[EventRounds "9"]
[EventCountry "ESP"]
[Source "lmi"]
[SourceDate "2014.07.13"]

1. d4 Nf6 2. c4 e6 3. Nf3 b6 4. g3 Bb7 5. Bg2 Be7 6. O-O O-O 7. d5 d6 8. Nc3 c5
9. e4 Re8 10. dxe6 fxe6 11. Ng5 Bf8 12. Bh3 Qc8 13. Nd5 h6 14. Nxe6 Bxd5 15.
exd5 Qb7 16. Nf4 g5 17. Be6+ Kh8 18. Nh5 Bg7 19. Nxf6 Bxf6 20. Qh5 1-0

[Event "16. Obert Internacional Sant Martí 2014"]
[Site "Barcelona ESP"]
[Date "2014.07.19"]
[Round "7.44"]
[White "Bernat, Ernest"]
[Black "Julian Barrachina, Lluis"]
[Result "1/2-1/2"]
[WhiteElo "2101"]
[BlackElo "2125"]
[PlyCount "67"]
[EventDate "2014.07.13"]
[EventType "swiss"]
[EventRounds "9"]
[EventCountry "ESP"]
[Source "lmi"]
[SourceDate "2014.07.13"]

1. e4 e5 2. Nf3 Nc6 3. Bc4 Be7 4. O-O Nf6 5. Nc3 O-O 6. d4 d6 7. h3 h6 8. Be3
Re8 9. Bb5 exd4 10. Nxd4 Bd7 11. Nxc6 bxc6 12. Bd3 Bf8 13. Re1 Kh8 14. Bf4 Rb8
15. b3 d5 16. exd5 Rxe1+ 17. Qxe1 cxd5 18. Qe2 Rb4 19. Be5 Rb6 20. Qf3 Be6 21.
Bxf6 Qxf6 22. Qxf6 gxf6 23. Rd1 c6 24. Ne2 c5 25. Nf4 Bd6 26. Ne2 Rb8 27. Nc3
Be5 28. Ne2 c4 29. bxc4 dxc4 30. Be4 Rb2 31. f4 Bc7 32. f5 Bc8 33. Nc3 Kg7 34.
Rb1 1/2-1/2

[Event "16. Obert Internacional Sant Martí 2014"]
[Site "Barcelona ESP"]
[Date "2014.07.19"]
[Round "7.45"]
[White "Vigo Allepuz, David"]
[Black "Quirhuayo, Gonzalo"]
[Result "0-1"]
[WhiteElo "2085"]
[BlackElo "1858"]
[PlyCount "92"]
[EventDate "2014.07.13"]
[EventType "swiss"]
[EventRounds "9"]
[EventCountry "ESP"]
[Source "lmi"]
[SourceDate "2014.07.13"]

1. d4 Nf6 2. Nf3 c5 3. c3 d5 4. Bf4 e6 5. h3 Qb6 6. Qc1 Nc6 7. e3 Bd7 8. Nbd2
Rc8 9. Be2 cxd4 10. exd4 h6 11. O-O g5 12. Be5 Nxe5 13. Nxe5 Bd6 14. Ndf3 Ne4
15. Rb1 f6 16. Nxd7 Kxd7 17. Nd2 Bf4 18. Rd1 Nxd2 19. Rxd2 Bxd2 20. Qxd2 Kc7
21. Bh5 Kb8 22. Re1 Rhf8 23. Re2 Rc7 24. Qd3 f5 25. Qe3 Re7 26. Bf3 Qd6 27. Qd3
Rg8 28. g4 h5 29. Re5 hxg4 30. hxg4 f4 31. Qe2 Rgg7 32. Qe1 Kc8 33. Kg2 Qd8 34.
Rxe6 Qd7 35. Rxe7 Rxe7 36. Qf1 Qe6 37. Qb5 Qc6 38. Qb3 Qc4 39. Qxc4+ dxc4 40.
Kf1 Kc7 41. Bd5 b5 42. b3 cxb3 43. Bxb3 a5 44. c4 a4 45. Bc2 bxc4 46. Bxa4 Re4
0-1

[Event "16. Obert Internacional Sant Martí 2014"]
[Site "Barcelona ESP"]
[Date "2014.07.19"]
[Round "7.46"]
[White "Yapar, Nedim"]
[Black "Monedero Gonzalez, Josep"]
[Result "1-0"]
[WhiteElo "1971"]
[BlackElo "2071"]
[PlyCount "87"]
[EventDate "2014.07.13"]
[EventType "swiss"]
[EventRounds "9"]
[EventCountry "ESP"]
[Source "lmi"]
[SourceDate "2014.07.13"]

1. e4 e6 2. d4 d5 3. Nc3 Nf6 4. Bg5 Bb4 5. e5 h6 6. Bc1 Ne4 7. Qg4 g6 8. Nge2
c5 9. a3 Bxc3+ 10. Nxc3 cxd4 11. Nxe4 dxe4 12. Qxe4 Nc6 13. Bc4 Qa5+ 14. Kd1
Qxe5 15. Qf3 Bd7 16. Re1 Qf5 17. Qg3 O-O-O 18. b4 e5 19. b5 Na5 20. Rxe5 Qg4+
21. Be2 Qxg3 22. hxg3 b6 23. Re7 f6 24. Rb1 Rhe8 25. Rxe8 Rxe8 26. Rb4 Bf5 27.
Bf1 Rd8 28. Kd2 Rd5 29. Bb2 Rc5 30. Bd3 Kd7 31. Bxd4 Bxd3 32. cxd3 Rf5 33. g4
Rf4 34. f3 Nb3+ 35. Ke3 Rxd4 36. Rxd4+ Nxd4 37. Kxd4 Ke6 38. Ke4 Kd6 39. f4 Kc5
40. d4+ Kxb5 41. Kd5 a5 42. Ke6 Kc6 43. d5+ Kb7 44. d6 1-0

[Event "16. Obert Internacional Sant Martí 2014"]
[Site "Barcelona ESP"]
[Date "2014.07.19"]
[Round "7.47"]
[White "Beaskoa Estany, Gabriel"]
[Black "Ruhlmann, Helene"]
[Result "0-1"]
[WhiteElo "1893"]
[BlackElo "1867"]
[PlyCount "34"]
[EventDate "2014.07.13"]
[EventType "swiss"]
[EventRounds "9"]
[EventCountry "ESP"]
[Source "lmi"]
[SourceDate "2014.07.13"]

1. e4 d5 2. exd5 Nf6 3. d4 Bg4 4. Nf3 Qxd5 5. Be2 Nc6 6. c4 Qh5 7. O-O O-O-O 8.
Be3 e5 9. d5 e4 10. Nd4 Nxd4 11. Bxg4+ Nxg4 12. h3 Nf3+ 13. gxf3 Ne5 14. fxe4
Qxh3 15. f3 Rd6 16. Kf2 Rf6 17. Nd2 Qh2+ 0-1

[Event "16. Obert Internacional Sant Martí 2014"]
[Site "Barcelona ESP"]
[Date "2014.07.19"]
[Round "7.48"]
[White "Gisbert Mir, Alejandro"]
[Black "Castillo Escario, Yolanda"]
[Result "0-1"]
[WhiteElo "1804"]
[BlackElo "2029"]
[PlyCount "54"]
[EventDate "2014.07.13"]
[EventType "swiss"]
[EventRounds "9"]
[EventCountry "ESP"]
[Source "lmi"]
[SourceDate "2014.07.13"]

1. e4 e5 2. Nf3 Nc6 3. d4 exd4 4. Nxd4 Bc5 5. Be3 Qf6 6. c3 Nge7 7. Bc4 Ne5 8.
Be2 Qg6 9. O-O d6 10. f4 Qxe4 11. Bf2 Bxd4 12. cxd4 N5g6 13. g3 Bh3 14. Bf3 Qf5
15. Re1 O-O 16. d5 h5 17. Qb3 h4 18. Be4 Qd7 19. Nc3 c6 20. dxc6 bxc6 21. Rad1
d5 22. Na4 Nxf4 23. Nc5 Qc8 24. gxf4 Qg4+ 25. Bg3 dxe4 26. Nxe4 hxg3 27. hxg3
Nd5 0-1

[Event "16. Obert Internacional Sant Martí 2014"]
[Site "Barcelona ESP"]
[Date "2014.07.19"]
[Round "7.49"]
[White "Paragliola, Gennaro"]
[Black "Nadal Fajardo, Ricard"]
[Result "1-0"]
[WhiteElo "1560"]
[BlackElo "1999"]
[PlyCount "107"]
[EventDate "2014.07.13"]
[EventType "swiss"]
[EventRounds "9"]
[EventCountry "ESP"]
[Source "lmi"]
[SourceDate "2014.07.13"]

1. d4 Nf6 2. Bg5 e6 3. c4 Be7 4. Nc3 d5 5. e3 c6 6. Nf3 Nbd7 7. Bd3 O-O 8. O-O
dxc4 9. Bxc4 b5 10. Bd3 a6 11. Qc2 Bb7 12. Rac1 h6 13. Bh4 c5 14. dxc5 Nxc5 15.
Be2 Rc8 16. Rfd1 Qb6 17. Qb1 Rfd8 18. Ne5 Rxd1+ 19. Rxd1 Rd8 20. Ng4 Rxd1+ 21.
Qxd1 Qd8 22. Nxf6+ gxf6 23. Qxd8+ Bxd8 24. f3 Kg7 25. Bf2 Bb6 26. Kf1 e5 27. e4
Kf8 28. h3 Ke7 29. g4 Bc6 30. Be3 Kf8 31. Bxh6+ Kg8 32. h4 Nd7 33. h5 Bd4 34.
Bc1 Nf8 35. Bd1 Ne6 36. Bb3 Ng5 37. Kg2 Kg7 38. Bd5 Bxd5 39. exd5 Bc5 40. Ne4
Nxe4 41. fxe4 Bd6 42. a3 a5 43. Bd2 b4 44. a4 Bc5 45. b3 Kf8 46. Kf3 Kg7 47.
Ke2 Kg8 48. Kd3 Bd6 49. Kc4 Kg7 50. Kb5 Bc7 51. Kc6 Bd8 52. Be3 Kf8 53. Bb6 Be7
54. Kd7 1-0

[Event "16. Obert Internacional Sant Martí 2014"]
[Site "Barcelona ESP"]
[Date "2014.07.19"]
[Round "7.50"]
[White "Tateo, Ida"]
[Black "Romero Gamez, Francisco Javier"]
[Result "0-1"]
[WhiteElo "1330"]
[BlackElo "1795"]
[PlyCount "74"]
[EventDate "2014.07.13"]
[EventType "swiss"]
[EventRounds "9"]
[EventCountry "ESP"]
[Source "lmi"]
[SourceDate "2014.07.13"]

1. e4 c5 2. Nf3 d6 3. d4 cxd4 4. Nxd4 Nf6 5. Nc3 a6 6. Be3 e5 7. Nb3 Be6 8. h3
Be7 9. Qd2 Nbd7 10. O-O-O Bxb3 11. axb3 Qa5 12. Kb1 Qc7 13. g4 h6 14. Be2 b5
15. f4 b4 16. Nd5 Nxd5 17. exd5 exf4 18. Bxf4 a5 19. Qe3 Rc8 20. Rc1 g5 21. Bg3
Nc5 22. Bb5+ Kf8 23. Rhf1 Kg7 24. Qd4+ f6 25. h4 Rb8 26. Be2 a4 27. Rf5 Kf7 28.
Rcf1 Qd8 29. hxg5 hxg5 30. Rxg5 Rh3 31. Qf4 axb3 32. cxb3 Nxb3 33. Rf5 Rc8 34.
g5 Rxg3 35. Bh5+ Kg8 36. Qxg3 Nd2+ 37. Ka1 Qa5+ 0-1

[Event "16. Obert Internacional Sant Martí 2014"]
[Site "Barcelona ESP"]
[Date "2014.07.20"]
[Round "8.1"]
[White "Grigoryan, Karen H"]
[Black "Alarcon Casellas, Rolando"]
[Result "1-0"]
[WhiteElo "2592"]
[BlackElo "2378"]
[PlyCount "99"]
[EventDate "2014.07.13"]
[EventType "swiss"]
[EventRounds "9"]
[EventCountry "ESP"]
[Source "lmi"]
[SourceDate "2014.07.13"]

1. d4 d5 2. c4 c6 3. Nc3 Nf6 4. e3 Bf5 5. cxd5 cxd5 6. Qb3 Bc8 7. Nf3 e6 8. Ne5
Nbd7 9. f4 a6 10. Bd3 Be7 11. O-O O-O 12. Bd2 Nxe5 13. fxe5 Nd7 14. Ne2 Qb6 15.
Qc2 f5 16. g4 Bg5 17. gxf5 exf5 18. Bxf5 Qh6 19. Kh1 Rxf5 20. Rxf5 Nb6 21. Raf1
Bxf5 22. Qxf5 Qg6 23. Qxg6 hxg6 24. b3 a5 25. Rg1 Bd8 26. a4 g5 27. Kg2 Kf7 28.
Kf3 Ke6 29. e4 dxe4+ 30. Kxe4 Nd5 31. Bxg5 Bxg5 32. Rxg5 Rh8 33. Rg6+ Kf7 34.
Rg4 Ke6 35. h4 Rc8 36. Rxg7 Rc2 37. Nf4+ Nxf4 38. Kxf4 b5 39. axb5 Rb2 40. Rg3
Kf7 41. Ke4 Ke6 42. Re3 Rh2 43. d5+ Ke7 44. Kd4 Rxh4+ 45. Kc5 a4 46. b4 Rh1 47.
b6 Rc1+ 48. Kb5 Kd7 49. e6+ Ke7 50. b7 1-0

[Event "16. Obert Internacional Sant Martí 2014"]
[Site "Barcelona ESP"]
[Date "2014.07.20"]
[Round "8.2"]
[White "Martinez Alcantara, Jose Eduardo"]
[Black "Lorenzo De La Riva, Lazaro"]
[Result "1/2-1/2"]
[WhiteElo "2295"]
[BlackElo "2426"]
[PlyCount "76"]
[EventDate "2014.07.13"]
[EventType "swiss"]
[EventRounds "9"]
[EventCountry "ESP"]
[Source "lmi"]
[SourceDate "2014.07.13"]

1. c4 e6 2. g3 Nf6 3. Bg2 d5 4. Nf3 c5 5. O-O Nc6 6. cxd5 exd5 7. d4 Be7 8.
dxc5 Bxc5 9. Bg5 O-O 10. Nc3 d4 11. Na4 Be7 12. Rc1 h6 13. Bxf6 Bxf6 14. Nd2
Rb8 15. Nc5 g6 16. Qb3 Ne7 17. Qa3 a5 18. Nde4 Bg7 19. Nd3 b6 20. Qd6 Be6 21.
a3 Qxd6 22. Nxd6 Rfd8 23. Nb5 h5 24. Na7 Bh6 25. f4 Bg7 26. Rc7 Re8 27. Rxe7
Rxe7 28. Nc6 Rbe8 29. Nxe7+ Rxe7 30. Kf2 Bc4 31. Rc1 b5 32. a4 Bf6 33. b3 Bxd3
34. exd3 bxa4 35. bxa4 Kg7 36. Rc5 Ra7 37. Bd5 Be7 38. Rc8 Bb4 1/2-1/2

[Event "16. Obert Internacional Sant Martí 2014"]
[Site "Barcelona ESP"]
[Date "2014.07.20"]
[Round "8.3"]
[White "Matsenko, Sergei"]
[Black "Cori, Jorge"]
[Result "0-1"]
[WhiteElo "2474"]
[BlackElo "2608"]
[PlyCount "146"]
[EventDate "2014.07.13"]
[EventType "swiss"]
[EventRounds "9"]
[EventCountry "ESP"]
[Source "lmi"]
[SourceDate "2014.07.13"]

1. Nf3 Nf6 2. c4 c6 3. Nc3 d5 4. e3 a6 5. d4 b5 6. b3 Bg4 7. Be2 e6 8. O-O Bd6
9. Bb2 O-O 10. h3 Bh5 11. cxd5 cxd5 12. Ne5 Bxe2 13. Nxe2 Nbd7 14. Rc1 Rc8 15.
Qd3 Qa5 16. Rc2 Qb6 17. Rfc1 Qb7 18. Qd1 Nb6 19. Nd3 Rxc2 20. Rxc2 Rc8 21. Bc3
Nfd7 22. Ba5 Rxc2 23. Qxc2 Qc8 24. Qxc8+ Nxc8 25. Bb4 Bxb4 26. Nxb4 Nb8 27. Nc1
a5 28. Nc2 Kf8 29. b4 a4 30. Ne2 Nd6 31. Nc3 Na6 32. f3 f6 33. Kf2 Ke7 34. g4
Kd7 35. Ke2 Kc6 36. Kd3 Nc4 37. e4 Nc7 38. Ne3 Nxe3 39. Kxe3 a3 40. Kd3 Na6 41.
exd5+ exd5 42. Kc2 Nxb4+ 43. Kb3 Nd3 44. Ne2 b4 45. Ka4 g6 46. Ng3 Kd6 47. Nf1
Nc1 48. Kxb4 Nxa2+ 49. Kxa3 Nc3 50. Ng3 Nb5+ 51. Kb2 Nxd4 52. f4 g5 53. Nh5 Ke6
54. Ng7+ Kf7 55. Nh5 Ne2 56. fxg5 fxg5 57. Kc2 Nf4 58. Ng3 Nxh3 59. Kd3 Nf2+
60. Kd4 Ke6 61. Nf5 Nxg4 62. Ng7+ Kf7 63. Nf5 Kf6 64. Nd6 Ke6 65. Ne8 Nf6 66.
Ng7+ Kf7 67. Nf5 h5 68. Ke5 h4 69. Ne3 Kg6 70. Nf1 Ng4+ 71. Kxd5 Kf5 72. Kd4
Kf4 73. Kd3 h3 0-1

[Event "16. Obert Internacional Sant Martí 2014"]
[Site "Barcelona ESP"]
[Date "2014.07.20"]
[Round "8.4"]
[White "Oliva Castaneda, Kevel"]
[Black "Perez Mitjans, Orelvis"]
[Result "1-0"]
[WhiteElo "2419"]
[BlackElo "2414"]
[PlyCount "95"]
[EventDate "2014.07.13"]
[EventType "swiss"]
[EventRounds "9"]
[EventCountry "ESP"]
[Source "lmi"]
[SourceDate "2014.07.13"]

1. Nf3 g6 2. c4 Nf6 3. Nc3 Bg7 4. d4 O-O 5. e4 d6 6. Be2 Na6 7. O-O e5 8. Be3
c6 9. d5 Ng4 10. Bg5 f6 11. Bh4 c5 12. Nd2 h5 13. h3 Nh6 14. a3 g5 15. Bg3 g4
16. hxg4 Nxg4 17. Bd3 Bh6 18. Nf3 Rf7 19. Nh4 Rg7 20. Nf5 Bxf5 21. exf5 Qe7 22.
Ne4 Kh8 23. Bh4 Rf8 24. Rb1 Nb8 25. b4 Nd7 26. Bc2 Rfg8 27. Kh1 b6 28. Rb3 Bf4
29. Rh3 Rh7 30. Ba4 Bg5 31. Qf3 cxb4 32. axb4 a5 33. Bxd7 Qxd7 34. bxa5 bxa5
35. Bxg5 fxg5 36. f6 a4 37. Kg1 Rf8 38. Nxg5 Rxf6 39. Qe2 Rhh6 40. Ne6 Qa7 41.
c5 dxc5 42. Rc3 Rhg6 43. Rxc5 Rxf2 44. Rxf2 Rxe6 45. Rc8+ Kg7 46. dxe6 a3 47.
Rc7+ Qxc7 48. Rf7+ 1-0

[Event "16. Obert Internacional Sant Martí 2014"]
[Site "Barcelona ESP"]
[Date "2014.07.20"]
[Round "8.5"]
[White "Burmakin, Vladimir"]
[Black "Aloma Vidal, Robert"]
[Result "1-0"]
[WhiteElo "2590"]
[BlackElo "2406"]
[PlyCount "65"]
[EventDate "2014.07.13"]
[EventType "swiss"]
[EventRounds "9"]
[EventCountry "ESP"]
[Source "lmi"]
[SourceDate "2014.07.13"]

1. d4 Nf6 2. Nf3 g6 3. Bf4 Bg7 4. e3 O-O 5. Be2 d6 6. c3 b6 7. h3 Bb7 8. O-O
Nbd7 9. a4 a6 10. Nbd2 Re8 11. Bh2 e5 12. Nc4 Ne4 13. Ncd2 Nxd2 14. Nxd2 Qe7
15. Re1 c5 16. dxc5 dxc5 17. e4 Nf6 18. Bf1 Rad8 19. Qc2 Nh5 20. Nc4 Qc7 21.
Rad1 Bc6 22. Qb3 b5 23. axb5 axb5 24. Na3 b4 25. cxb4 cxb4 26. Qxb4 Qa7 27.
Rxd8 Rxd8 28. Qc3 Bb7 29. Bxe5 Bf8 30. Nb5 Qc5 31. Qxc5 Bxc5 32. Rc1 Bb6 33.
Nd6 1-0

[Event "16. Obert Internacional Sant Martí 2014"]
[Site "Barcelona ESP"]
[Date "2014.07.20"]
[Round "8.6"]
[White "Vasquez Schroeder, Rodrigo"]
[Black "Saptarshi, Roy"]
[Result "1/2-1/2"]
[WhiteElo "2551"]
[BlackElo "2449"]
[PlyCount "112"]
[EventDate "2014.07.13"]
[EventType "swiss"]
[EventRounds "9"]
[EventCountry "ESP"]
[Source "lmi"]
[SourceDate "2014.07.13"]

1. d4 d5 2. Nf3 e6 3. c4 c6 4. Qc2 dxc4 5. Qxc4 Nf6 6. g3 b5 7. Qc2 Bb7 8. Bg2
Nbd7 9. O-O c5 10. a4 a6 11. dxc5 Bxc5 12. axb5 axb5 13. Rxa8 Qxa8 14. Nc3 b4
15. Na4 Be4 16. Qd1 Be7 17. Ne1 O-O 18. Bxe4 Qxe4 19. Bg5 h6 20. Bxf6 Nxf6 21.
Qc2 Qb7 22. Nd3 Rc8 23. Qb3 Ne4 24. Rc1 Ra8 25. f3 Qa7+ 26. Kg2 Nd2 27. Qd1
Nxf3 28. Kxf3 Qxa4 29. Rc8+ Kh7 30. Qxa4 Rxa4 31. Rc7 Bf6 32. Rxf7 Ra2 33. Rb7
Bxb2 34. Rxb4 Ba1 35. Re4 Ra6 36. Nc5 Ra3+ 37. Re3 Rxe3+ 38. Kxe3 Kg6 39. Nxe6
Kf5 40. Nf4 g5 41. Nd3 h5 42. Kf3 g4+ 43. Ke3 Bf6 44. Nf2 h4 45. gxh4 Be5 46.
Nh1 Bxh2 47. Kf2 Bc7 48. Ng3+ Kg6 49. e4 Bb8 50. Nf5 Bf4 51. Ng3 Bc7 52. Kg2
Be5 53. Nf5 Kh5 54. Kf2 Bf6 55. Kg3 Be5+ 56. Kg2 Bf6 1/2-1/2

[Event "16. Obert Internacional Sant Martí 2014"]
[Site "Barcelona ESP"]
[Date "2014.07.20"]
[Round "8.7"]
[White "Bachmann, Axel"]
[Black "Huerga Leache, Mikel"]
[Result "1-0"]
[WhiteElo "2652"]
[BlackElo "2458"]
[PlyCount "115"]
[EventDate "2014.07.13"]
[EventType "swiss"]
[EventRounds "9"]
[EventCountry "ESP"]
[Source "lmi"]
[SourceDate "2014.07.13"]

1. Nf3 Nf6 2. d4 g6 3. Bf4 Bg7 4. h3 O-O 5. e3 d6 6. Be2 Nfd7 7. O-O e5 8. Bh2
e4 9. Nfd2 f5 10. c4 Nc6 11. Nc3 Nf6 12. Rb1 g5 13. b4 Ne7 14. c5 d5 15. Nb5
Ne8 16. f3 a6 17. Nc3 Nf6 18. Be5 Be6 19. b5 a5 20. fxe4 Nxe4 21. Ndxe4 dxe4
22. Bxg7 Kxg7 23. Qe1 Nd5 24. Bc4 Nxc3 25. Qxc3 Bd5 26. Rf2 Qd7 27. Rbf1 Qe6
28. a4 h5 29. h4 g4 30. Bxd5 Qxd5 31. Qe1 Rf7 32. Rf4 Kg6 33. Qg3 Re8 34. R4f2
Qd8 35. Rd2 Qe7 36. d5 Qxc5 37. Qf4 Kh7 38. d6 Rd8 39. Rfd1 Rxd6 40. Rxd6 cxd6
41. Rxd6 Qc1+ 42. Kh2 Qc7 43. b6 Qe7 44. Rh6+ Kg8 45. Rxh5 Rh7 46. Rxh7 Kxh7
47. Qxf5+ Kh6 48. Qxg4 Qb4 49. h5 Qxb6 50. Qg6+ Qxg6 51. hxg6 Kxg6 52. g4 b5
53. axb5 a4 54. b6 a3 55. b7 a2 56. b8=Q a1=Q 57. Qe8+ Kg5 58. Qh5+ 1-0

[Event "16. Obert Internacional Sant Martí 2014"]
[Site "Barcelona ESP"]
[Date "2014.07.20"]
[Round "8.8"]
[White "Munoz Pantoja, Miguel"]
[Black "Peralta, Fernando"]
[Result "0-1"]
[WhiteElo "2457"]
[BlackElo "2596"]
[PlyCount "98"]
[EventDate "2014.07.13"]
[EventType "swiss"]
[EventRounds "9"]
[EventCountry "ESP"]
[Source "lmi"]
[SourceDate "2014.07.13"]

1. e4 e6 2. d4 d5 3. Nd2 c5 4. dxc5 Bxc5 5. Nb3 Bb6 6. exd5 exd5 7. Nf3 Nf6 8.
Bd3 O-O 9. O-O Bg4 10. h3 Bh5 11. Re1 Nc6 12. Be3 Re8 13. Bxb6 Qxb6 14. g4 Bg6
15. Qd2 a5 16. Bxg6 hxg6 17. c3 a4 18. Nbd4 Ne4 19. Qc2 Nxd4 20. Nxd4 a3 21.
bxa3 Rec8 22. Qb3 Qf6 23. Qb2 Nxc3 24. Re3 Qxd4 25. Rc1 Qxe3 26. fxe3 Ne2+ 27.
Qxe2 Rxc1+ 28. Kf2 Rc3 29. Qb5 Rcxa3 30. Qxd5 Rxa2+ 31. Kf3 b6 32. Qb7 Re8 33.
Qxb6 Ra3 34. h4 Rexe3+ 35. Qxe3 Rxe3+ 36. Kxe3 f6 37. Ke4 Kf7 38. h5 f5+ 39.
gxf5 gxh5 40. Ke5 Ke7 41. Ke4 Kf6 42. Kf4 h4 43. Kg4 h3 44. Kxh3 Kxf5 45. Kg3
Kg5 46. Kf3 Kh4 47. Kf4 g5+ 48. Kf3 Kh3 49. Kf2 g4 0-1

[Event "16. Obert Internacional Sant Martí 2014"]
[Site "Barcelona ESP"]
[Date "2014.07.20"]
[Round "8.9"]
[White "Panelo, Marcelo"]
[Black "Lopez Martinez, Josep Manuel"]
[Result "0-1"]
[WhiteElo "2448"]
[BlackElo "2548"]
[PlyCount "90"]
[EventDate "2014.07.13"]
[EventType "swiss"]
[EventRounds "9"]
[EventCountry "ESP"]
[Source "lmi"]
[SourceDate "2014.07.13"]

1. d4 Nf6 2. Nf3 e6 3. e3 c5 4. Bd3 d5 5. b3 Nc6 6. Bb2 cxd4 7. exd4 g6 8. O-O
Bg7 9. Ba3 Ne7 10. Nbd2 O-O 11. Ne5 Re8 12. Ndf3 Qa5 13. Qc1 Ne4 14. Re1 f6 15.
Ng4 Nc6 16. Bb2 Qc7 17. c4 f5 18. Nge5 Bd7 19. Qf4 Rac8 20. Rac1 Qd8 21. h4 Nf6
22. g3 a6 23. c5 Nxe5 24. Nxe5 Bb5 25. Bc2 Nd7 26. Nf3 Nxc5 27. h5 Ne4 28. hxg6
hxg6 29. Bxe4 Rxc1 30. Rxc1 dxe4 31. Ne5 g5 32. Qe3 Bxe5 33. dxe5 Bc6 34. Ba3
Kg7 35. Bd6 Kg6 36. g4 Rh8 37. a4 Rh4 38. gxf5+ exf5 39. Kf1 f4 40. Qc5 Qd7 41.
Ke2 Qg4+ 42. Kd2 Rh2 43. Bf8 Qe6 44. Rf1 Kf5 45. Bg7 Qd5+ 0-1

[Event "16. Obert Internacional Sant Martí 2014"]
[Site "Barcelona ESP"]
[Date "2014.07.20"]
[Round "8.10"]
[White "Gomez Ledo, Roberto Carlos"]
[Black "Rahman, Ziaur"]
[Result "0-1"]
[WhiteElo "2429"]
[BlackElo "2515"]
[PlyCount "82"]
[EventDate "2014.07.13"]
[EventType "swiss"]
[EventRounds "9"]
[EventCountry "ESP"]
[Source "lmi"]
[SourceDate "2014.07.13"]

1. d4 e6 2. c4 f5 3. g3 Nf6 4. Bg2 Be7 5. Nf3 O-O 6. O-O d6 7. b4 Qe8 8. Nc3 e5
9. dxe5 dxe5 10. Nd5 Bd8 11. Nxf6+ Bxf6 12. e4 Nc6 13. Re1 Nxb4 14. Bb2 fxe4
15. Nxe5 Bxe5 16. Rxe4 Qf7 17. Bxe5 Qxf2+ 18. Kh1 Bf5 19. Bd4 Qxg2+ 20. Kxg2
Bxe4+ 21. Kg1 Rad8 22. Qe1 Rxd4 23. Qxb4 c5 24. Qc3 b6 25. Re1 h6 26. Qa3 Rf7
27. Qa4 Re7 28. Rf1 Kh7 29. Rf8 Rd2 30. Rf2 Bc2 31. Qxc2+ Rxc2 32. Rxc2 Re3 33.
Kg2 Kg6 34. Kh3 Kf5 35. Kh4 Re4+ 36. Kh5 Ke6 37. g4 Re5+ 38. Kh4 g6 39. a4 Re3
40. a5 g5+ 41. Kh5 Kf6 0-1

[Event "16. Obert Internacional Sant Martí 2014"]
[Site "Barcelona ESP"]
[Date "2014.07.20"]
[Round "8.11"]
[White "Gomez Garrido, Camilo Ernesto"]
[Black "Hansen, Torbjorn Ringdal"]
[Result "1/2-1/2"]
[WhiteElo "2495"]
[BlackElo "2448"]
[PlyCount "103"]
[EventDate "2014.07.13"]
[EventType "swiss"]
[EventRounds "9"]
[EventCountry "ESP"]
[Source "lmi"]
[SourceDate "2014.07.13"]

1. e4 c6 2. d4 d5 3. e5 Bf5 4. Nf3 e6 5. Be2 Ne7 6. O-O Nd7 7. Nbd2 h6 8. Nb3
g5 9. Bd2 Bg6 10. Bb4 a5 11. Bd6 Bg7 12. a4 Nf5 13. Ba3 g4 14. Nfd2 h5 15. c4
Qg5 16. cxd5 exd5 17. Re1 Bf8 18. Nf1 Bxa3 19. Rxa3 Ng7 20. Ra1 Ne6 21. Rc1 Kf8
22. Rc3 Kg7 23. Bd3 Qf4 24. Ne3 Rhd8 25. g3 Qg5 26. Ng2 c5 27. Bxg6 fxg6 28.
Nxc5 Ndxc5 29. dxc5 d4 30. Rc4 Rac8 31. Qb3 d3 32. Nf4 Nxf4 33. Qxb7+ Kh6 34.
gxf4 Qf5 35. Qe4 Qxe4 36. Rcxe4 Rxc5 37. Rd1 Rc2 38. b4 axb4 39. Rxb4 Ra2 40.
Re4 Kg7 41. e6 d2 42. Kg2 Kf6 43. e7 Re8 44. Rd4 Rxe7 45. R1xd2 Ra1 46. Rb2 Ra3
47. Rdb4 Re6 48. R2b3 Ra1 49. Rb1 Ra3 50. R1b3 Ra1 51. Rb1 Ra3 52. R1b3 1/2-1/2

[Event "16. Obert Internacional Sant Martí 2014"]
[Site "Barcelona ESP"]
[Date "2014.07.20"]
[Round "8.12"]
[White "Cori T., Deysi"]
[Black "Gonzalez Perez, Arian"]
[Result "1/2-1/2"]
[WhiteElo "2414"]
[BlackElo "2494"]
[PlyCount "65"]
[EventDate "2014.07.13"]
[EventType "swiss"]
[EventRounds "9"]
[EventCountry "ESP"]
[Source "lmi"]
[SourceDate "2014.07.13"]

1. d4 d5 2. Nf3 Nf6 3. c4 c6 4. Nbd2 Bf5 5. g3 e6 6. Bg2 h6 7. O-O Nbd7 8. b3
Bd6 9. Bb2 O-O 10. Ne5 Qa5 11. c5 Be7 12. Ndf3 Be4 13. Nd3 Qc7 14. Rc1 Nh7 15.
Nfe5 Bxg2 16. Kxg2 Nhf6 17. f3 Nxe5 18. dxe5 Nd7 19. e4 b6 20. exd5 cxd5 21. c6
Nc5 22. Bd4 a5 23. Nxc5 bxc5 24. Bxc5 Bxc5 25. Rxc5 Qxe5 26. Qd2 Rfc8 27. Rfc1
Ra6 28. Qd3 Ra7 29. R1c2 Qd6 30. Qb5 Qc7 31. Qd3 Qd6 32. Qb5 Qc7 33. Qd3
1/2-1/2

[Event "16. Obert Internacional Sant Martí 2014"]
[Site "Barcelona ESP"]
[Date "2014.07.20"]
[Round "8.13"]
[White "Cuartas, Jaime Alexander"]
[Black "Sanchez Enriquez, Oscar Gerard"]
[Result "1-0"]
[WhiteElo "2483"]
[BlackElo "2401"]
[PlyCount "51"]
[EventDate "2014.07.13"]
[EventType "swiss"]
[EventRounds "9"]
[EventCountry "ESP"]
[Source "lmi"]
[SourceDate "2014.07.13"]

1. e4 c5 2. Nf3 e6 3. d4 cxd4 4. Nxd4 a6 5. Nc3 Qc7 6. f4 b5 7. Bd3 Bb7 8. Qe2
Nf6 9. a3 Nc6 10. Nxc6 Bxc6 11. Bd2 Be7 12. O-O O-O 13. Kh1 Rad8 14. Rad1 Qb7
15. e5 Nd5 16. f5 exf5 17. Bxf5 Rde8 18. Nxd5 Bxd5 19. Qg4 Kh8 20. Qh3 g6 21.
Bxd7 Bxg2+ 22. Qxg2 Qxd7 23. Bh6 Qe6 24. Bxf8 Rxf8 25. Qd5 Qg4 26. Rd2 1-0